<?xml version="1.0" encoding="UTF-8"?>
<record
    xmlns:xsi="http://www.w3.org/2001/XMLSchema-instance"
    xsi:schemaLocation="http://www.loc.gov/MARC21/slim http://www.loc.gov/standards/marcxml/schema/MARC21slim.xsd"
    xmlns="http://www.loc.gov/MARC21/slim">

  <leader>01079nam a2200145   4500</leader>
  <controlfield tag="008">708 EL37e</controlfield>
  <datafield tag="020" ind1=" " ind2=" ">
    <subfield code="a">9789930964606</subfield>
  </datafield>
  <datafield tag="082" ind1=" " ind2=" ">
    <subfield code="a">708</subfield>
    <subfield code="b">EL37e</subfield>
  </datafield>
  <datafield tag="100" ind1=" " ind2=" ">
    <subfield code="a">Collado Chaves, Adriana (editora)</subfield>
    <subfield code="9">6674</subfield>
  </datafield>
  <datafield tag="245" ind1=" " ind2=" ">
    <subfield code="a">El que no ense&#xF1;a no vende </subfield>
  </datafield>
  <datafield tag="260" ind1=" " ind2=" ">
    <subfield code="a">San Jos&#xE9;, Costa Rica</subfield>
    <subfield code="b">Museo de Arte y Dise&#xF1;o Contempor&#xE1;neo </subfield>
    <subfield code="c">2017</subfield>
  </datafield>
  <datafield tag="300" ind1=" " ind2=" ">
    <subfield code="a">95 p.</subfield>
    <subfield code="b">ill (col)</subfield>
    <subfield code="c">24 x 21 cm</subfield>
  </datafield>
  <datafield tag="505" ind1=" " ind2=" ">
    <subfield code="t">El z&#xF3;calo urbano como espejo </subfield>
    <subfield code="r">Fiorella Resenterra</subfield>
    <subfield code="t">El que no ense&#xF1;a no vende...Dise&#xF1;o de tiendas con historia en San Jos&#xE9; centro</subfield>
    <subfield code="r">Adriana Collado</subfield>
    <subfield code="t">La ciudad de los doce clanes</subfield>
    <subfield code="r">Osvaldo L&#xF3;pez</subfield>
    <subfield code="t">Una historia para San Jos&#xE9;: &#xBF;c&#xF3;mo contamos este cuento?</subfield>
    <subfield code="r">Eunice B&#xE1;ez S&#xE1;nchez</subfield>
    <subfield code="t">La tiendas</subfield>
    <subfield code="t">Librer&#xED;a Lehmann</subfield>
    <subfield code="t">Tienda Regis</subfield>
    <subfield code="t">Feoli Hnos Ltda. </subfield>
    <subfield code="t">Distribuidora y f&#xE1;brica de ropa &#xED;ntima Ana</subfield>
    <subfield code="t">Sastrer&#xED;a Scaglietti</subfield>
    <subfield code="t">Tienda La Gloria</subfield>
    <subfield code="t">Almacenes San Gil</subfield>
    <subfield code="t">Almac&#xE9;n La &#xD3;pera</subfield>
    <subfield code="t">Almac&#xE9;n Barguil</subfield>
    <subfield code="t">Almac&#xE9;n Antonio Gazel S.A. La Favorita</subfield>
    <subfield code="t">Bazar San Jos&#xE9;</subfield>
    <subfield code="t">Paraguer&#xED;a Rego</subfield>
    <subfield code="t">Cr&#xE9;ditos</subfield>
  </datafield>
  <datafield tag="650" ind1=" " ind2=" ">
    <subfield code="x">arte contempor&#xE1;neo</subfield>
    <subfield code="x">arte - exhibiciones</subfield>
    <subfield code="x">edificios hist&#xF3;ricos - San Jos&#xE9;</subfield>
    <subfield code="x">arquitectura costarricense</subfield>
    <subfield code="9">6675</subfield>
  </datafield>
  <datafield tag="999" ind1=" " ind2=" ">
    <subfield code="c">1615</subfield>
    <subfield code="d">1615</subfield>
  </datafield>
  <datafield tag="952" ind1=" " ind2=" ">
    <subfield code="0">0</subfield>
    <subfield code="1">0</subfield>
    <subfield code="2">ddc</subfield>
    <subfield code="4">0</subfield>
    <subfield code="7">0</subfield>
    <subfield code="a">LV</subfield>
    <subfield code="b">LV</subfield>
    <subfield code="c">Eventos y Bienales</subfield>
    <subfield code="d">2018-09-13</subfield>
    <subfield code="l">0</subfield>
    <subfield code="o">708 EL37e</subfield>
    <subfield code="p">002160</subfield>
    <subfield code="r">2018-09-13 00:00:00</subfield>
    <subfield code="w">2018-09-13</subfield>
    <subfield code="y">01</subfield>
  </datafield>
</record>
